Districts of Turkey on a Map - Statistics

General Stats
  • This quiz has been taken 8,807 times
    6,573 since last reset
  • The average score is 229 of 973
Answers on the Map
Answers color-coded by a green-red scale on the quiz's map according to % correct below.
 
Answer Stats
Province District % Correct
Çanakkale Çan
69%
Kars Kars
67%
Istanbul Kadıköy
62%
Antalya Kaş
62%
Edirne Edirne
61%
Istanbul Beşiktaş
60%
Istanbul Fatih
60%
Muş Muş
60%
Istanbul Silivri
60%
Muğla Bodrum
58%
Istanbul Üsküdar
58%
Erzurum Çat
57%
Antalya Alanya
55%
Istanbul Beykoz
55%
Istanbul Büyükçekmece
55%
Istanbul Küçükçekmece
55%
Istanbul Pendik
55%
Istanbul Adalar
54%
Istanbul Arnavutköy
54%
Batman Batman
54%
Niğde Bor
54%
İzmir Çeşme
54%
Kocaeli Gebze
54%
Çanakkale Gelibolu
54%
Istanbul Sarıyer
54%
Istanbul Şile
54%
Yalova Yalova
54%
Çanakkale Çanakkale
53%
Hakkâri Hakkâri
53%
Iğdır Iğdır
53%
Sivas Sivas
53%
Ağrı Ağrı
52%
Hatay Antakya
52%
Istanbul Beyoğlu
52%
Ankara Çankaya
52%
Adana Ceyhan
52%
Istanbul Esenyurt
52%
Hatay İskenderun
52%
Zonguldak Karadeniz Ereğli
52%
Kırklareli Kırklareli
52%
Istanbul Ümraniye
52%
Artvin Artvin
51%
Bolu Bolu
51%
Istanbul Çatalca
51%
Afyonkarahisar Çay
51%
Kocaeli İzmit
51%
Adana Seyhan
51%
Sinop Sinop
51%
Istanbul Tuzla
51%
Ardahan Ardahan
50%
Osmaniye Bahçe
50%
Hatay Erzin
50%
Istanbul Esenler
50%
Istanbul Kartal
50%
Kilis Kilis
50%
Istanbul Şişli
50%
Ordu Altınordu
49%
Istanbul Ataşehir
49%
Istanbul Başakşehir
49%
Bitlis Bitlis
49%
Çorum Çorum
49%
Düzce Düzce
49%
Muğla Fethiye
49%
Karaman Karaman
49%
Balıkesir Marmara
49%
Tekirdağ Marmaraeğlisi
49%
Yozgat Yozgat
49%
Istanbul Bağcılar
48%
Balıkesir Bandırma
48%
Istanbul Beylikdüzü
48%
Burdur Burdur
48%
Balıkesir | Van Edremit
48%
Konya Ereğli
48%
Kütahya Kütahya
48%
Istanbul Maltepe
48%
Nevşehir Nevşehir
48%
Ankara Polatlı
48%
İzmir Selçuk
48%
Şırnak Şırnak
48%
Aksaray Aksaray
47%
Amasya Amasya
47%
Istanbul Avcılar
47%
Balıkesir Ayvalık
47%
Istanbul Bakırköy
47%
Bartın Bartın
47%
Bayburt Bayburt
47%
Bilecik Bilecik
47%
Çankırı Çankırı
47%
Erzincan Erzincan
47%
Istanbul Eyüpsultan
47%
Giresun Giresun
47%
Gümüşhane Gümüşhane
47%
İzmir Karşıyaka
47%
Kırıkkale Kırıkkale
47%
Kırşehir Kırşehir
47%
Aydın Kuşadası
47%
Muğla Marmaris
47%
Trabzon Of
47%
Osmaniye Osmaniye
47%
Rize Rize
47%
Istanbul Sultanbeyli
47%
Tunceli Tunceli
47%
Istanbul Zeytinburnu
47%
Zonguldak Zonguldak
47%
Adıyaman Adıyaman
46%
Bingöl Bingöl
46%
Tekirdağ Çorlu
46%
Istanbul Gaziosmanpaşa
46%
Isparta Isparta
46%
Istanbul Kağıthane
46%
Kastamonu Kastamonu
46%
Antalya | Burdur Kemer
46%
Niğde Niğde
46%
Bursa Osmangazi
46%
Tokat Tokat
46%
Uşak Uşak
46%
Kastamonu Ağlı
45%
İzmir Bornova
45%
Çanakkale Bozcaada
45%
Elazığ Elazığ
45%
Çanakkale Gökçeada
45%
Antalya Manavgat
45%
Rize | Tokat Pazar
45%
Mersin Tarsus
45%
Sakarya Adapazarı
44%
Istanbul Bahçelievler
44%
İzmir Buca
44%
Muğla Datça
44%
Karabük Karabük
44%
Ankara Keçiören
44%
Artvin | İzmir Kemalpaşa
44%
Kırklareli Lüleburgaz
44%
Bursa Nilüfer
44%
Siirt Siirt
44%
Istanbul Sultangazi
44%
Diyarbakır Sur
44%
Afyonkarahisar Afyonkarahisar
43%
Çanakkale Biga
43%
Istanbul Çekmeköy
43%
Adana Çukurova
43%
Bursa Orhangazi
43%
Hakkâri Yüksekova
43%
Ankara Etimesgut
42%
Istanbul Güngören
42%
Bursa İnegöl
42%
Edirne Keşan
42%
Ankara Mamak
42%
İzmir Menemen
42%
Bursa Mustafakemalpaşa
42%
Ankara Beypazarı
41%
Samsun Çarşamba
41%
Aydın Didim
41%
Bursa Mudanya
41%
Mersin Silifke
41%
Ankara Sincan
41%
İzmir Urla
41%
Bursa | Diyarbakır | Mersin Yenişehir
41%
Mersin Anamur
40%
Istanbul Bayrampaşa
40%
Kahramanmaraş Elbistan
40%
İzmir Konak
40%
Istanbul Sancaktepe
40%
Manisa Akhisar
39%
Artvin Hopa
39%
Denizli | Malatya Kale
39%
Antalya Konyaaltı
39%
Aydın Nazilli
39%
Denizli Pamukkale
39%
İzmir Tire
39%
İzmir Aliağa
38%
İzmir Foça
38%
Bursa Gemlik
38%
Mersin Mut
38%
Muğla Dalaman
37%
Ordu Fatsa
37%
Kocaeli Gölcük
37%
Bursa İznik
37%
Muğla Milas
37%
Karabük Safranbolu
37%
Konya Selçuklu
37%
Ankara Şereflikoçhisar
37%
Manisa Soma
37%
İzmir Bergama
36%
Adana Kozan
36%
Mardin Midyat
36%
Antalya Muratpaşa
36%
Çankırı Orta
36%
Ordu Perşembe
36%
Şanlıurfa Siverek
36%
Bartın Amasra
35%
Şırnak Cizre
35%
Adıyaman | Ankara Gölbaşı
35%
Hatay Hassa
35%
Edirne İpsala
35%
Tekirdağ | Van Saray
35%
Aydın Söke
35%
Balıkesir Susurluk
35%
Bitlis Tatvan
35%
Trabzon Akçaabat
34%
Hatay Dörtyol
34%
Ankara Haymana
34%
İzmir Ödemiş
34%
Sakarya Sapanca
34%
İzmir Seferihisar
34%
Ankara Yenimahalle
34%
Konya Akşehir
33%
Samsun Atakum
33%
Samsun Bafra
33%
Antalya Elmalı
33%
Sivas Kangal
33%
Ankara Kızılcahamam
33%
Kocaeli Körfez
33%
Adana Pozantı
33%
Bilecik Söğüt
33%
Kütahya Tavşanlı
33%
Adana Yumurtalık
33%
İzmir Bayraklı
32%
Rize Çayeli
32%
Balıkesir Erdek
32%
Şanlıurfa Harran
32%
Adana İmamoğlu
32%
İzmir Kiraz
32%
İzmir Menderes
32%
Nevşehir Ürgüp
32%
Bursa Yıldırım
32%
Çorum Alaca
31%
Yalova Armutlu
31%
Ankara Balâ
31%
Ağrı Doğubayazıt
31%
Antalya Gazipaşa
31%
Balıkesir | Isparta Gönen
31%
İzmir Karaburun
31%
Antalya Kepez
31%
Bursa Kestel
31%
Kahramanmaraş Pazarcık
31%
Kars Sarıkamış
31%
Antalya Serik
31%
İzmir Torbalı
31%
Manisa Turgutlu
31%
Ordu Ünye
31%
Ankara Altındağ
30%
İzmir Balçova
30%
Kocaeli Darıca
30%
Tokat Erbaa
30%
Antalya Finike
30%
Bursa Karacabey
30%
Trabzon Maçka
30%
Muş Malazgirt
30%
Karabük | Tunceli Ovacık
30%
Erzurum Palandöken
30%
Hatay Reyhanlı
30%
Şırnak Silopi
30%
Muğla Ula
30%
Şanlıurfa Viranşehir
30%
Antalya | Isparta Aksu
29%
Samsun | Çanakkale Ayvacık
29%
İzmir Dikili
29%
Mersin Erdemli
29%
Muğla Köyceğiz
29%
Muğla Menteşe
29%
Amasya Merzifon
29%
Eskişehir Odunpazarı
29%
Kastamonu | Kayseri Pınarbaşı
29%
Hatay Samandağ
29%
Eskişehir Sivrihisar
29%
Artvin Yusufeli
29%
Mersin Akdeniz
28%
Konya Bozkır
28%
Kocaeli Dilovası
28%
Aydın Efeler
28%
Eskişehir İnönü
28%
Hatay Kumlu
28%
Ankara Nallıhan
28%
Gaziantep Nizip
28%
Trabzon Sürmene
28%
Mersin Toroslar
28%
Konya Beyşehir
27%
Balıkesir Bigadiç
27%
Ankara Çubuk
27%
Antalya Demre
27%
Edirne Enez
27%
Çanakkale Ezine
27%
Rize Fındıklı
27%
Şanlıurfa Halfeti
27%
Batman Hasankeyf
27%
Kocaeli Kandıra
27%
Bursa Orhaneli
27%
Gaziantep Şehitkamil
27%
Hakkâri Şemdinli
27%
Balıkesir Sındırgı
27%
Adana Yüreğir
27%
Sinop Boyabat
26%
Balıkesir Burhaniye
26%
Tekirdağ Çerkezköy
26%
İzmir Çiğli
26%
Hakkâri Çukurca
26%
Sivas Divriği
26%
Çanakkale Eceabat
26%
Ankara Elmadağ
26%
Eskişehir Han
26%
Ankara Kahramankazan
26%
Sakarya Karasu
26%
Samsun Kavak
26%
Muş Korkut
26%
Mardin Nusaybin
26%
Çorum Osmancık
26%
Manisa Salihli
26%
Kütahya Simav
26%
Sivas Zara
26%
Nevşehir Avanos
25%
Ankara Ayaş
25%
Diyarbakır Çınar
25%
Diyarbakır Dicle
25%
Kütahya Domaniç
25%
Ankara Evren
25%
Sakarya Hendek
25%
Kastamonu İnebolu
25%
Adana Karataş
25%
Manisa Kula
25%
Konya Kulu
25%
Antalya Kumluca
25%
Çanakkale Lapseki
25%
Samsun Ondokuzmayıs
25%
Kahramanmaraş Onikişubat
25%
Ankara Pursaklar
25%
Gaziantep Şahinbey
25%
Muş Varto
25%
Ankara Akyurt
24%
Manisa Alaşehir
24%
Denizli Çal
24%
Afyonkarahisar Emirdağ
24%
Van Erciş
24%
İzmir Gaziemir
24%
İzmir Güzelbahçe
24%
Adıyaman Kâhta
24%
Balıkesir Karesi
24%
Antalya Korkuteli
24%
Diyarbakır Lice
24%
Edirne Meriç
24%
Mersin Mezitli
24%
Gaziantep Nurdağı
24%
Erzurum Oltu
24%
Trabzon Ortahisar
24%
Tekirdağ Şarköy
24%
Bolu Seben
24%
Manisa Şehzadeler
24%
Konya Seydişehir
24%
Adana Tufanbeyli
24%
Bartın Ulus
24%
Adana Aladağ
23%
Yalova Altınova
23%
Iğdır Aralık
23%
Rize Ardeşen
23%
Artvin Borçka
23%
Hatay Defne
23%
Balıkesir Dursunbey
23%
Giresun Görele
23%
İzmir Karabağlar
23%
Kocaeli Karamürsel
23%
Kocaeli Kartepe
23%
Mardin Kızıltepe
23%
Konya Meram
23%
Bolu Mudurnu
23%
Tekirdağ Muratlı
23%
İzmir Narlıdere
23%
Elazığ Palu
23%
Kars Selim
23%
Kastamonu Taşköprü
23%
Giresun Tirebolu
23%
Adıyaman Tut
23%
Kırklareli Vize
23%
Muğla Yatağan
23%
Malatya | Tokat Yeşilyurt
23%
Kahramanmaraş Afşin
22%
Sakarya Akyazı
22%
Hatay Arsuz
22%
Malatya Battalgazi
22%
Denizli | Kastamonu Bozkurt
22%
Giresun Bulancak
22%
Ankara Çamlıdere
22%
Kocaeli Derince
22%
Kütahya Dumlupınar
22%
Kütahya Emet
22%
Adana Feke
22%
Samsun Havza
22%
Rize Hemşin
22%
Samsun İlkadım
22%
Ankara Kalecik
22%
Konya Karatay
22%
İzmir Kınık
22%
Tekirdağ Malkara
22%
Muğla Ortaca
22%
Ağrı Patnos
22%
Adana Sarıçam
22%
Artvin Şavşat
22%
Giresun Şebinkarahisar
22%
Kastamonu Tosya
22%
Sinop Türkeli
22%
Edirne Uzunköprü
22%
Karabük | Çanakkale Yenice
22%
Trabzon Yomra
22%
Manisa Yunusemre
22%
Bitlis Ahlat
21%
Manisa Ahmetli
21%
Balıkesir Altıeylül
21%
Kırklareli Babaeski
21%
Balıkesir Balya
21%
Bilecik Bozüyük
21%
Rize Çamlıhemşin
21%
Konya Cihanbeyli
21%
Hakkâri Derecik
21%
Zonguldak Devrek
21%
Afyonkarahisar Dinar
21%
Antalya Döşemealtı
21%
Kütahya Gediz
21%
Bursa Gürsu
21%
Nevşehir Hacıbektaş
21%
Aydın Karpuzlu
21%
Bolu Mengen
21%
Tokat Niksar
21%
Muğla Seydikemer
21%
Sivas Suşehri
21%
Kayseri Talas
21%
Düzce Akçakoca
20%
Artvin Arhavi
20%
Mardin Artuklu
20%
Mersin | Yozgat Aydıncık
20%
İzmir Bayındır
20%
Bursa Büyükorhan
20%
Zonguldak Çaycuma
20%
Kocaeli Çayırova
20%
Şanlıurfa Ceylanpınar
20%
Yalova Çınarcık
20%
Isparta Eğirdir
20%
Bingöl Genç
20%
Bolu Gerede
20%
Ankara Güdül
20%
Denizli Güney
20%
Erzurum Horasan
20%
Erzincan İliç
20%
Konya Karapınar
20%
Muğla Kavaklıdere
20%
Erzincan Kemaliye
20%
Zonguldak Kozlu
20%
Edirne Lalapaşa
20%
Balıkesir Manyas
20%
Aksaray | Çorum Ortaköy
20%
Bilecik Osmaneli
20%
Uşak Sivaslı
20%
Tekirdağ Süleymanpaşa
20%
Çorum Sungurlu
20%
Konya Taşkent
20%
Denizli Tavas
20%
Iğdır Tuzluca
20%
Erzincan Üzümlü
20%
Trabzon Vakfıkebir
20%
Denizli Acıpayam
19%
Trabzon Araklı
19%
Kocaeli Başiskele
19%
Ardahan Çıldır
19%
Aydın Çine
19%
Kayseri Develi
19%
Sinop Gerze
19%
Çankırı Ilgaz
19%
Bingöl Karlıova
19%
Bursa Keles
19%
Samsun Ladik
19%
Kayseri Melikgâzi
19%
Denizli Merkezefendi
19%
Malatya Pütürge
19%
Yozgat Sorgun
19%
Şanlıurfa Suruç
19%
Yalova Termal
19%
Samsun Terme
19%
Kahramanmaraş Türkoğlu
19%
Samsun Vezirköprü
19%
Aydın | Bilecik Yenipazar
19%
Antalya Akseki
18%
Kars Akyaka
18%
Diyarbakır Bağlar
18%
Çanakkale Bayramiç
18%
İzmir Beydağ
18%
Şırnak Beytüşşebap
18%
Samsun Canik
18%
Trabzon Çaykara
18%
Niğde Çiftlik
18%
Şanlıurfa Eyyübiye
18%
Ardahan Göle
18%
Edirne Havsa
18%
Erzurum İspir
18%
Konya Kadınhanı
18%
Osmaniye Kadirli
18%
Bolu Kıbrıscık
18%
Hatay Kırıkhan
18%
Mardin Ömerli
18%
Adana Saimbeyli
18%
Afyonkarahisar Sandıklı
18%
Sivas Şarkışla
18%
Manisa Saruhanlı
18%
Diyarbakır Silvan
18%
Tokat Zile
18%
Sivas Akıncılar
17%
Erzurum Aşkale
17%
Sinop Ayancık
17%
Van Başkale
17%
Adıyaman Besni
17%
Şanlıurfa Birecik
17%
Burdur Bucak
17%
Tunceli Çemişgezek
17%
Kastamonu Cide
17%
Manisa Demirci
17%
Bayburt Demirözü
17%
Kars Digor
17%
Diyarbakır Ergani
17%
Tekirdağ Ergene
17%
Karaman Ermenek
17%
Kahramanmaraş Göksun
17%
Bolu Göynük
17%
Balıkesir Havran
17%
Tekirdağ Hayrabolu
17%
Kütahya Hisarcık
17%
Antalya İbradı
17%
Sivas İmranlı
17%
Gaziantep İslahiye
17%
Kars Kağızman
17%
Tekirdağ Kapaklı
17%
Adana Karaisalı
17%
Karaman Kazımkarabekir
17%
Elazığ Keban
17%
Manisa Kırkağaç
17%
Kayseri Kocasinan
17%
Manisa | Trabzon Köprübaşı
17%
Eskişehir Mihalıççık
17%
Van Muradiye
17%
Erzurum Pasinler
17%
Bilecik Pazaryeri
17%
Eskişehir Tepebaşı
17%
Trabzon Tonya
17%
Erzurum Yakutiye
17%
Kastamonu Abana
16%
Şanlıurfa Akçakale
16%
Yozgat Akdağmadeni
16%
Bayburt Aydıntepe
16%
Erzurum Aziziye
16%
Afyonkarahisar | Çorum Bayat
16%
Diyarbakır Bismil
16%
Kütahya Çavdarhisar
16%
Konya Derbent
16%
Sakarya Erenler
16%
Sinop Erfelek
16%
Karabük Eskipazar
16%
Şanlıurfa Haliliye
16%
Bursa Harmancık
16%
Şanlıurfa Hilvan
16%
Şırnak İdil
16%
Rize İkizdere
16%
Konya Ilgın
16%
Balıkesir İvrindi
16%
Şanlıurfa Karaköprü
16%
Gümüşhane Kelkit
16%
Kırıkkale Keskin
16%
Kırklareli Kofçaz
16%
Elazığ Maden
16%
Eskişehir Mahmudiye
16%
Hatay Payas
16%
Ardahan Posof
16%
Erzincan Refahiye
16%
Manisa Sarıgöl
16%
Balıkesir Savaştepe
16%
Sakarya Serdivan
16%
Sakarya Söğütlü
16%
Amasya Suluova
16%
Siirt Tillo
16%
Tokat Turhal
16%
Van Tuşba
16%
Erzurum Uzundere
16%
Hatay Yayladağı
16%
Sivas Yıldızeli
16%
Malatya Arapgir
15%
Trabzon Arsin
15%
Kütahya Aslanapa
15%
Karaman Ayrancı
15%
Uşak Banaz
15%
Hatay Belen
15%
Afyonkarahisar Bolvadin
15%
Aydın Buharkent
15%
Çankırı Çerkeş
15%
Yalova Çiftlikköy
15%
Denizli Çivril
15%
Konya Çumra
15%
Kırklareli Demirköy
15%
Sinop Dikmen
15%
Kahramanmaraş Dulkadiroğlu
15%
Adıyaman Gerger
15%
Aydın Germencik
15%
Sakarya Geyve
15%
Manisa Gölmarmara
15%
Balıkesir Gömeç
15%
Mersin Gülnar
15%
Antalya Gündoğmuş
15%
Sivas Gürün
15%
Aydın İncirliova
15%
Van İpekyolu
15%
Çorum İskilip
15%
Rize İyidere
15%
Kırşehir Kaman
15%
Erzincan Kemah
15%
Balıkesir Kepsut
15%
Bingöl Kiğı
15%
Sakarya Kocaali
15%
Aydın Köşk
15%
Artvin Murgul
15%
Bitlis Mutki
15%
Gaziantep Oğuzeli
15%
Tunceli Pülümür
15%
Konya Sarayönü
15%
Batman Sason
15%
Afyonkarahisar Sinanpaşa
15%
Elazığ Sivrice
15%
Amasya Taşova
15%
Kayseri Tomarza
15%
Erzurum Tortum
15%
Ordu | Uşak Ulubey
15%
Isparta Yalvaç
15%
Mardin Yeşilli
15%
Bitlis Adilcevaz
14%
Hatay Altınözü
14%
Kütahya Altıntaş
14%
Burdur | Sivas Altınyayla
14%
Artvin Ardanuç
14%
Sakarya Arifiye
14%
Van Bahçesaray
14%
Trabzon Beşikdüzü
14%
Yozgat Boğazlıyan
14%
Aydın Bozdoğan
14%
Mersin Bozyazı
14%
Mersin Çamlıyayla
14%
Konya Çeltik
14%
Ardahan Damal
14%
Malatya Darende
14%
Ağrı Diyadin
14%
Malatya Doğanşehir
14%
Bolu Dörtdivan
14%
Ağrı Eleşkirt
14%
Siirt Eruh
14%
Aksaray Eskil
14%
Uşak Eşme
14%
Manisa Gördes
14%
Kayseri Hacılar
14%
Malatya Hekimhan
14%
Erzurum Hınıs
14%
Afyonkarahisar Hocalar
14%
Elazığ Karakoçan
14%
Iğdır Karakoyunlu
14%
Sakarya Kaynarca
14%
Çankırı Kızılırmak
14%
Gümüşhane Köse
14%
Çankırı Kurşunlu
14%
Siirt Kurtalan
14%
Gümüşhane Kürtün
14%
Bartın Kurucaşile
14%
Tunceli Mazgirt
14%
Kilis Musabeyli
14%
Erzurum Olur
14%
Sakarya Pamukova
14%
Kırklareli Pehlivanköy
14%
Kilis Polateli
14%
Tokat Reşadiye
14%
Samsun Salıpazarı
14%
Trabzon Şalpazarı
14%
Eskişehir Seyitgazi
14%
Edirne Süloğlu
14%
Samsun Tekkeköy
14%
Sivas Ulaş
14%
Niğde Ulukışla
14%
Konya Yalıhüyük
14%
Kayseri Yeşilhisar
14%
Burdur Yeşilova
14%
Konya Yunak
14%
Giresun Alucra
13%
Gaziantep Araban
13%
Kastamonu Araç
13%
Malatya Arguvan
13%
Kars Arpaçay
13%
Elazığ Baskil
13%
Batman Beşiri
13%
Muş Bulanık
13%
Denizli Buldan
13%
Van Çaldıran
13%
Giresun Çamoluk
13%
Yozgat Çekerek
13%
Düzce Cumayeri
13%
Giresun Dereli
13%
Osmaniye Düziçi
13%
Kilis Elbeyli
13%
Konya Emirgazi
13%
Giresun Espiye
13%
Giresun Eynesil
13%
Zonguldak Gökçebey
13%
Amasya Gümüşhacıköy
13%
Düzce Gümüşova
13%
Rize Güneysu
13%
Konya Hadim
13%
Konya Halkapınar
13%
Diyarbakır Hani
13%
Muş Hasköy
13%
Denizli Honaz
13%
Tunceli Hozat
13%
Konya Hüyük
13%
Afyonkarahisar İhsaniye
13%
Kayseri İncesu
13%
Aydın Karacasu
13%
Çorum Kargı
13%
Gaziantep Karkamış
13%
Isparta Keçiborlu
13%
Diyarbakır Kulp
13%
Kastamonu Küre
13%
Aydın Kuyucak
13%
Ordu Mesudiye
13%
Eskişehir Mihalgazi
13%
Kahramanmaraş Nurhak
13%
Erzincan Otlukbeli
13%
Van Özalp
13%
Kütahya Pazarlar
13%
Kırklareli Pınarhisar
13%
Kütahya Şaphane
13%
Manisa Selendi
13%
Denizli Serinhisar
13%
Afyonkarahisar Şuhut
13%
Aydın Sultanhisar
13%
Kars Susuz
13%
Isparta Sütçüler
13%
Erzincan Tercan
13%
Gümüşhane Torul
13%
Ağrı Tutak
13%
Gaziantep Yavuzeli
13%
Kırşehir Akpınar
12%
Samsun Alaçam
12%
Tokat Almus
12%
Eskişehir Alpu
12%
Kastamonu Azdavay
12%
Denizli Babadağ
12%
Şanlıurfa Bozova
12%
Kayseri Bünyan
12%
Kastamonu Çatalzeytin
12%
Adıyaman Çelikhan
12%
Diyarbakır Çermik
12%
Mardin Dargeçit
12%
Afyonkarahisar Dazkırı
12%
Trabzon Dernekpazarı
12%
Çorum Dodurga
12%
Afyonkarahisar Evciler
12%
Van Gevaş
12%
Konya Güneysınır
12%
Bitlis Güroymak
12%
Van Gürpınar
12%
Aksaray Güzelyurt
12%
Ağrı Hamur
12%
Bilecik İnhisar
12%
Ordu Kabataş
12%
Burdur Karamanlı
12%
Erzurum Karayazı
12%
Diyarbakır Kayapınar
12%
Elazığ Kovancılar
12%
Kırşehir Mucur
12%
Tunceli Nazımiye
12%
Tunceli Pertek
12%
Adıyaman Samsat
12%
Kayseri Sarız
12%
Isparta Şarkikaraağaç
12%
Gümüşhane Şiran
12%
Bingöl Solhan
12%
Aksaray Sultanhanı
12%
Sakarya Taraklı
12%
Burdur Tefenni
12%
Konya Tuzlukçu
12%
Şırnak Uludere
12%
Kayseri Yahyâlı
12%
Nevşehir Acıgöl
11%
Konya Ahırlı
11%
Malatya Akçadağ
11%
Zonguldak Alaplı
11%
Trabzon Çarşıbaşı
11%
Van Çatak
11%
Burdur Çavdır
11%
Kırşehir Çiçekdağı
11%
Diyarbakır Çüngüş
11%
Kastamonu Daday
11%
Kırıkkale Delice
11%
Mardin Derik
11%
Sinop Durağan
11%
Trabzon Düzköy
11%
Karabük Eflani
11%
Kahramanmaraş Ekinözü
11%
Sakarya Ferizli
11%
Isparta Gelendost
11%
Sivas Gemerek
11%
Batman Gercüş
11%
Burdur Gölhisar
11%
Sivas Gölova
11%
Sivas Hafik
11%
Amasya Hamamözü
11%
Ardahan Hanak
11%
Trabzon Hayrat
11%
Diyarbakır Hazro
11%
Bitlis Hizan
11%
Afyonkarahisar İscehisar
11%
Rize Kalkandere
11%
Erzurum Karaçoban
11%
Düzce Kaynaşlı
11%
Zonguldak Kilimli
11%
Aydın Koçarlı
11%
Sivas Koyulhisar
11%
Batman Kozluk
11%
Mardin Mazıdağı
11%
Çorum Mecitözü
11%
Erzurum Pazaryolu
11%
Siirt Pervari
11%
Giresun Piraziz
11%
Denizli Sarayköy
11%
Karaman Sarıveliler
11%
Adıyaman Sincik
11%
Ağrı Taşlıçay
11%
Erzurum Tekman
11%
Isparta Uluborlu
11%
Kırıkkale Yahşihan
11%
Bolu Yeniçağa
11%
Yozgat Yerköy
11%
Bingöl Adaklı
10%
Elazığ Ağın
10%
Burdur Ağlasun
10%
Kayseri Akkışla
10%
Ordu Akkuş
10%
Konya Akören
10%
Konya Altınekin
10%
Kahramanmaraş Andırın
10%
Tokat Artova
10%
Isparta Atabey
10%
Denizli Baklan
10%
Afyonkarahisar Başmakçı
10%
Eskişehir Beylikova
10%
Kırşehir Boztepe
10%
Niğde Çamardı
10%
Denizli Çameli
10%
Denizli Çardak
10%
Erzincan Çayırlı
10%
Eskişehir Çifteler
10%
Afyonkarahisar Çobanlar
10%
Konya Derebucak
10%
Rize Derepazarı
10%
Nevşehir Derinkuyu
10%
Konya Doğanhisar
10%
Sivas Doğanşar
10%
Malatya Doğanyol
10%
Diyarbakır Eğil
10%
Kayseri Felâhiye
10%
Bilecik Gölpazarı
10%
Amasya Göynücek
10%
Şırnak Güçlükonak
10%
Eskişehir Günyüzü
10%
Kastamonu Hanönü
10%
Giresun Keşap
10%
Afyonkarahisar Kızılören
10%
Ordu Kumru
10%
Çorum Laçin
10%
Erzurum Narman
10%
Kayseri Özvatan
10%
Çankırı Şabanözü
10%
Yozgat Sarıkaya
10%
Mardin Savur
10%
Erzurum Şenkaya
10%
Afyonkarahisar Sultandağı
10%
Giresun Yağlıdere
10%
Samsun Yakakent
10%
Bingöl Yayladere
10%
Bingöl Yedisu
10%
Isparta Yenişarbademli
10%
Düzce Yığılca
10%
Aksaray Ağaçören
9%
Elazığ Alacakaya
9%
Niğde Altunhisar
9%
Samsun Asarcık
9%
Çankırı Atkaracalar
9%
Ordu Aybastı
9%
Kırıkkale Balışeyh
9%
Tokat Başçiftlik
9%
Karaman Başyayla
9%
Siirt Baykan
9%
Denizli Bekilli
9%
Çorum Boğazkale
9%
Kahramanmaraş Çağlayancerit
9%
Giresun Çanakçı
9%
Kırıkkale Çelebi
9%
Düzce Çilimli
9%
Giresun Doğankent
9%
Kastamonu Doğanyurt
9%
Nevşehir Gülşehir
9%
Yozgat Kadışehri
9%
Uşak Karahallı
9%
Kırıkkale Karakeçili
9%
Sakarya Karapürçek
9%
Diyarbakır Kocaköy
9%
Ordu Korgan
9%
Çankırı Korgun
9%
Nevşehir Kozaklı
9%
Çorum Oğuzlar
9%
Sinop Saraydüzü
9%
Eskişehir Sarıcakaya
9%
Kayseri Sarıoğlan
9%
Aksaray Sarıyahşi
9%
Yozgat Şefaatli
9%
Isparta Senirkent
9%
Kastamonu Seydiler
9%
Siirt Şirvan
9%
Kırıkkale Sulakyurt
9%
Tokat Sulusaray
9%
Osmaniye Toprakkale
9%
Malatya Yazıhan
9%
Elazığ Arıcak
8%
Çankırı Bayramören
8%
Denizli Beyağaç
8%
Ordu Çatalpınar
8%
Burdur Çeltikçi
8%
Kastamonu Devrekani
8%
Çankırı Eldivan
8%
Düzce Gölyaka
8%
Aksaray Gülağaç
8%
Ordu Gülyalı
8%
Ordu Gürgentepe
8%
Osmaniye Hasanbeyli
8%
Kastamonu İhsangazi
8%
Ordu İkizce
8%
Ordu Kabadüz
8%
Kastamonu Şenpazar
8%
Osmaniye Sumbas
8%
Çankırı Yapraklı
8%
Kırşehir Akçakent
7%
Ordu Çamaş
7%
Ordu Çaybaşı
7%
Yozgat Çayıralan
7%
Giresun Güce
7%
Erzurum Köprüköy
7%
Malatya Kuluncak
7%
Çorum Uğurludağ
7%
Yozgat Yenifakılı
7%
Kırıkkale Bahşılı
6%
Yozgat Çandır
6%
Ordu Gölköy
6%
Yozgat Saraykent
6%
No matching quizzes found
Score Distribution
Percent of People with Each Score
Percentile by Number Answered
Your Score History
You have not taken this quiz since the last reset